Landscape ecologh (Record no. 635203)

MARC details
000 -LEADER
fixed length control field 00793nam a2200265Ia 4500
003 - CONTROL NUMBER IDENTIFIER
control field OSt
005 - DATE AND TIME OF LATEST TRANSACTION
control field 20220926020907.0
008 - FIXED-LENGTH DATA ELEMENTS--GENERAL INFORMATION
fixed length control field 220923b |||||||| |||| 00| 0 eng d
020 ## - INTERNATIONAL STANDARD BOOK NUMBER
International Standard Book Number 0387908498
037 ## - SOURCE OF ACQUISITION
Terms of availability General Book
040 ## - CATALOGING SOURCE
Original cataloging agency RTL
Transcribing agency RTL
Language of cataloging eng
041 ## - LANGUAGE CODE
Source of code eng
Language code of text/sound track or separate title eng
100 ## - MAIN ENTRY--PERSONAL NAME
Personal name Naveh Zev
9 (RLIN) 325343
245 #0 - TITLE STATEMENT
Title Landscape ecologh
Remainder of title Theory and application
260 ## - PUBLICATION, DISTRIBUTION, ETC.
Place of publication, distribution, etc. New York
Name of publisher, distributor, etc. Springer Verlag U S A
Date of publication, distribution, etc. 1984
300 ## - PHYSICAL DESCRIPTION
Extent xviii,356p.
Dimensions cm.
490 ## - SERIES STATEMENT
Series statement Springer Series On Environmental Management
650 ## - SUBJECT ADDED ENTRY--TOPICAL TERM
Topical term or geographic name entry element Fine Arts
9 (RLIN) 34717
700 ## - ADDED ENTRY--PERSONAL NAME
Personal name Lieberman Arthur S
9 (RLIN) 325344
942 ## - ADDED ENTRY ELEMENTS (KOHA)
Classification part NB,3,3:(G:5), M4
Koha item type General Books
Source of classification or shelving scheme Colon Classification (CC)
Holdings
Withdrawn status Lost status Damaged status Not for loan Home library Current library Date acquired Total Checkouts Full call number Barcode Date last seen Price effective from Koha item type
        Ratan Tata Library Ratan Tata Library 2022-09-26   NB,3,3:(G:5) M4 RT0949354 2022-09-26 2022-09-26 General Books
Copyright @ Delhi University Library System